00846nam a2200217 i 450000100060000000300090000600500170001500700030003200800410003510000190007624501880009525000440028326000450032730000350037249000710040765000190047870000200049770000280051783000520054585200310059772334ES-MaACL20250814234223.0t|040831s1953 sp ||||1| spa d1 aGini, Corrado.10aCurso de estadística / cCorrado Gini ; con un apéndice matemático por Luigi Galvani ; traducción y adaptación de la edición italiana de 1946-47 por Jorge Stecher Navarra. a2ª ed. española totalmente renovada. aBarcelona : bLabor, c1953 (fGrijelmo) aXIX, 555 p. : bil. ; c23 cm.1 aEnciclopedia de ciencias jurídicas y sociales. Ciencias Sociales04aEstadística.1 aGalvani, Luigi.1 aStecher Navarra, Jorge.00aEnciclopedia de ciencias jurídicas y sociales aES-MaACLjC-5892 bR.34995